| 000 | 00665nam a2200241Ia 4500 | ||
|---|---|---|---|
| 003 | OSt | ||
| 005 | 20220924113122.0 | ||
| 006 | a|||||r|||| 00| 0 | ||
| 007 | ta | ||
| 008 | 220923b |||||||| |||| 00| 0 hin d | ||
| 024 | _a60351 | ||
| 037 | _cDictionary | ||
| 040 |
_aARTS _cARTS _bhin |
||
| 041 |
_2hin _ahin |
||
| 082 | _aP151:(P111:4)k, 152K0 | ||
| 100 |
_aDhanpal _9169504 |
||
| 245 | 0 | _aPrakrit lakshsham mala ed by Bechar Dass Doshi | |
| 260 |
_aBombay _bSrishadi Lal Jain _c1960 |
||
| 300 |
_a38,112p. _ccm. |
||
| 650 | _aLINGUISTICS | ||
| 942 |
_hP151:(P111:4)k, 152K0 _cdic _2cc |
||
| 999 |
_c389283 _d389283 |
||